|
|
|
|
| LEADER |
02022nem a22004452a 4500 |
| 001 |
mzk03001048980 |
| 003 |
CZ BrMZK |
| 005 |
20100930113649.0 |
| 007 |
aj|ca||| |
| 008 |
070502s1663 fr ij|||||a|||r|0|||freod |
| 034 |
1 |
|
|a a
|b 240000
|d E0054300
|e E0070000
|f N0454800
|g N0450300
|
| 040 |
|
|
|a BOA001
|b cze
|
| 043 |
|
|
|a e-fr---
|a e-it---
|
| 072 |
|
7 |
|a 912:904
|x Staré mapy
|2 Konspekt
|9 7
|
| 080 |
|
|
|a (084.3)
|2 MRF
|
| 080 |
|
|
|a (44)
|2 MRF
|
| 080 |
|
|
|a (450-17)
|2 MRF
|
| 080 |
|
|
|a 912.43:069.5
|2 MRF
|
| 100 |
1 |
|
|a Sanson, d'Abbeuille
|4 aut
|
| 245 |
1 |
0 |
|a Partie Meridionale des Estats de Savoye : ou sont le Duché de Savoye, les Comtés de Tarentaise, et Morienne et Partie du Bugey &c.
|h [kartografický dokument] :
|b divisées en leurs Mandements, ou Parties /
|c Par le Sr. Sanson d'Abbeuille Geogra. Ordinre. de Sa Majesté
|
| 255 |
|
|
|a Měřítko [ca 1:240 000]. 7,8 cm = 3 Lieues communes de Sauoye
|c (005°43´00" v.d.--007°00´00" v.d./045°48´00" s.š.--045°03´00" s.š.)
|
| 260 |
|
|
|a a Paris :
|b chez l'Auteur aux Galleries du Louure,
|c [1663]
|
| 300 |
|
|
|a 1 mapa :
|b mědirytina, ručně kolorovaná ;
|c 41 x 56 cm na listu 58 x 67 cm
|
| 500 |
|
|
|a Jižní část je uložena pod signaturou Moll-0002.595,1
|
| 500 |
|
|
|a Výzdoba: V levém rohu draperie s názvem, v mapovém rámci geografické souřadnice
|
| 510 |
4 |
|
|a Kuchař, K. Mapová sbírka B.P. Molla,
|c s. 283
|
| 655 |
|
7 |
|a historické mapy
|7 fd186723
|2 czenas
|
| 650 |
0 |
4 |
|a Mollova mapová sbírka
|
| 650 |
0 |
7 |
|a mapové sbírky
|z Česko
|7 ph182407
|2 czenas
|
| 610 |
2 |
7 |
|a Moravská zemská knihovna (Brno, Česko).
|b Mapová sbírka B.P. Molla
|7 mzk2005304487
|2 czenas
|
| 651 |
|
7 |
|a Savojsko
|7 ge130750
|2 czenas
|
| 651 |
|
7 |
|a Piemonte (Itálie : kraj)
|7 ge130416
|2 czenas
|
| 856 |
4 |
1 |
|u http://mapy.mzk.cz/mzk03/001/048/980/2619269855
|y Digitalizovaný dokument
|
| 903 |
|
|
|a RP
|
| 910 |
|
|
|a BOA001
|b Moll-0002.595,2
|
| 978 |
|
|
|b Sanson, Nicolas
|a Paris
|c 1663
|
| 984 |
|
|
|a Paříž
|b Francie
|
| 985 |
|
|
|a 1651-1700
|
| 990 |
|
|
|a MP
|
| 991 |
|
|
|k mzk
|